00381pab a2200133 454500008004000000100002100040245009700061260000900158300001300167362001200180650002500192650001700217773001300234180718b2012 xxu||||| |||| 00| 0 eng d aMeena, Mauna Lal aUrban governance in India: Urabinsation, initiatives, challenges and futuristic perspectives c2012 ap.68-83. aApr-Jun aUrbanization - India aUrbanization aNagarlok